[Event "SRB Central-ch op-B 8th"]
[Site "Paracin"]
[Date "2015.07.09"]
[Round "8"]
[White "Petrovic, Marija"]
[Black "Tomte, Asbjorn"]
[Result "1/2-1/2"]
[WhiteElo "2073"]
[BlackElo "1914"]
[PlyCount "138"]
[EventDate "2015.07.03"]
[EventType "swiss"]
[EventRounds "9"]
[EventCountry "SRB"]
[SourceTitle "CBM 167 Extra"]
[Source "ChessBase"]
[SourceDate "2015.09.14"]
[SourceVersion "1"]
[SourceVersionDate "2015.09.14"]
[SourceQuality "1"]

1. Nf3 d5 2. b3 Bf5 3. Bb2 Nf6 4. g3 Nbd7 5. Bg2 h6 6. d3 c6 7. Nbd2 e6 8. 0-0 Be7 9. c4 0-0 10. a3 a5 11. Re1 Qc7 12. e4 dxe4 13. dxe4 Bh7 14. e5 Ne8 15. Ne4 Nc5 16. Nxc5 Bxc5 17. Re2 Qb6 18. Rd2 Nc7 19. Bc3 Na6 20. Rb2 Rfd8 21. Qe1 Nb8 22. Nd2 Rd3 23. Ne4 Bxe4 24. Bxe4 Rxc3 25. Qxc3 Bd4 26. Qd2 Bxb2 27. Qxb2 Nd7 28. Rd1 Nf8 29. Rd6 Qc5 30. Bd3 f6 31. b4 axb4 32. axb4 Qxe5 33. Qxe5 fxe5 34. b5 cxb5 35. cxb5 Kf7 36. Be4 Ke7 37. Rb6 Ra7 38. Rxb7+ Rxb7 39. Bxb7 Nd7 40. Bc6 Nb8 41. Bf3 Nd7 42. Kg2 Kd6 43. Bc6 Nf6 44. Bf3 Kc5 45. Be2 e4 46. h4 Nd5 47. Kh3 e3 48. fxe3 Nxe3 49. g4 Nd5 50. Kg3 Kd4 51. Bf3 Nb6 52. Kf4 g6 53. Be4 e5+ 54. Kf3 g5 55. hxg5 hxg5 56. Bc6 Nc4 57. Bd7 e4+ 58. Ke2 Kc5 59. Bc6 Ne5 60. Ke3 Nxg4+ 61. Kxe4 Nf2+ 62. Ke3 Ng4+ 63. Ke4 Nf2+ 64. Kf5 g4 65. Kf4 Nd3+ 66. Kg3 Ne5 67. Be8 Nc4 68. Kxg4 Nd6 69. Bd7 Nxb5 1/2-1/2

[Event "Drammen CC-ch"]
[Site "Drammen"]
[Date "2013.02.19"]
[Round "4"]
[White "Edvardsen, Ragnar"]
[Black "Tomte, Asbjorn"]
[Result "1-0"]
[WhiteElo "1926"]
[BlackElo "1841"]
[PlyCount "103"]
[EventDate "2013.01.15"]
[EventType "swiss"]
[EventRounds "9"]
[EventCountry "NOR"]
[SourceTitle "EXT 2024"]
[Source "ChessBase"]
[SourceDate "2023.10.10"]
[SourceVersion "1"]
[SourceVersionDate "2023.10.10"]
[SourceQuality "1"]

1. e4 e6 2. d4 d5 3. Nd2 Nf6 4. e5 Nfd7 5. Bd3 c5 6. c3 Nc6 7. Ne2 cxd4 8. cxd4 f6 9. exf6 Nxf6 10. 0-0 e5 11. dxe5 Nxe5 12. Bb5+ Bd7 13. Nd4 Bd6 14. Qe2 0-0 15. Bxd7 Qxd7 16. N2f3 Nxf3+ 17. Nxf3 Rae8 18. Qd3 Kh8 19. Be3 Bb8 20. Bc5 Rg8 21. Rad1 Qc7 22. Bd4 Rgf8 23. g3 Qd7 24. Kg2 Ne4 25. h4 Qg4 26. Nh2 Qh5 27. b4 Rf7 28. Qe3 Nd6 29. Qg5 Qxg5 30. hxg5 Nf5 31. Bc3 Rd8 32. Nf3 a6 33. Rfe1 Kg8 34. Nd4 Nxd4 35. Rxd4 Ba7 36. Rd2 d4 37. Re4 Rxf2+ 38. Rxf2 dxc3 39. Rc2 Rd2+ 40. Re2 Be3 41. Kf3 Bxg5 42. Rxc3 Rd7 43. Rec2 Bd8 44. Ke2 Bb6 45. a4 h5 46. a5 Bd8 47. Rc8 Kf7 48. Rd2 Re7+ 49. Kf3 Bc7 50. Rh8 Kg6 51. Rd5 Rf7+ 52. Kg2 1-0